000
00207nam a22000857a 4500
008
160809b xxu||||| |||| 00| 0 eng d
100
_9
74
_a
Kidz Om
245
_a
Bedtime Stories
260
_a
New Delhi
_b
Om Kidz
_c
2012
999
_c
2728
_d
2728